00429nam a2200157Ia 4500100002100000490000600021942000700027654001100034245003000045260003400075082001800109300000900127546001200136999001700148952010600165 aWright/ Stevens  v2 cBK aTCP/IP aTCP/IP Illustrated Vol 2 bADDISON WESLEYaReadingc1994 a4.62bWRI/STE a1174 aENGLISH c31080d31080 001040708CRCaCRCEbCRCEc1556 | 80d2023-03-17l0o4.62 WRI/STEp9280r2023-03-17w2023-03-17yBK